[Event "VIE-ch"]
[Site "Vung Tau"]
[Date "2023.03.03"]
[Round "1"]
[White "Nguyen, Van Huy"]
[Black "Nguyen, Nam Kiet"]
[Result "0-1"]
[WhiteElo "2340"]
[BlackElo "1824"]
[PlyCount "66"]
[EventDate "2023.03.03"]
[EventType "swiss"]
[EventRounds "9"]
[EventCountry "VIE"]
[SourceTitle "EXT 2024"]
[Source "ChessBase"]
[SourceDate "2023.10.10"]
[SourceVersion "1"]
[SourceVersionDate "2023.10.10"]
[SourceQuality "1"]

1. d4 Nf6 2. c4 g6 3. Nc3 Bg7 4. Nf3 0-0 5. Bf4 d6 6. h3 Nbd7 7. e3 Re8 8. Be2 b6 9. 0-0 Bb7 10. Qc2 e5 11. dxe5 Nxe5 12. Nd4 Nc6 13. Nxc6 Bxc6 14. Rfd1 Qc8 15. Nd5 Qb7 16. Bf3 Nd7 17. Rac1 Ne5 18. Bxe5 Bxe5 19. b4 Rad8 20. b5 Bxd5 21. Bxd5 Qc8 22. Qa4 Qf5 23. Qxa7 Re7 24. Qa4 Kg7 25. Qc2 Qh5 26. f4 Bf6 27. Qf2 Rde8 28. Bc6 Bh4 29. g3 Rxe3 30. gxh4 Re2 31. Qd4+ f6 32. Bxe8 Qf3 33. Bc6 Rg2+ 0-1

[Event "ASEAN-ch"]
[Site "Quezon City"]
[Date "2023.02.15"]
[Round "7"]
[White "Nguyen, Van Huy"]
[Black "Mohamad, Ervan"]
[Result "1/2-1/2"]
[WhiteElo "2335"]
[BlackElo "2399"]
[PlyCount "113"]
[EventDate "2023.02.11"]
[EventType "tourn"]
[EventRounds "11"]
[EventCountry "PHI"]
[EventCategory "6"]
[SourceTitle "CBM 212 Extra"]
[Source "ChessBase"]
[SourceDate "2023.03.31"]
[SourceVersion "1"]
[SourceVersionDate "2023.03.31"]
[SourceQuality "1"]

1. d4 Nf6 2. c4 e6 3. Nf3 b6 4. g3 Bb4+ 5. Nbd2 Ba6 6. Qc2 0-0 7. Bg2 d5 8. 0-0 c5 9. dxc5 Bxc5 10. a3 Qc7 11. b4 Be7 12. Bb2 Nbd7 13. Rac1 Rac8 14. Qa4 Bxc4 15. Nxc4 dxc4 16. Nd2 Ne5 17. f4 Ng6 18. Nxc4 Qb8 19. Ne3 Rfd8 20. Qb3 Rxc1 21. Rxc1 Rc8 22. Rc4 Ne8 23. Ng4 b5 24. Rxc8 Qxc8 25. Qc3 Qxc3 26. Bxc3 Nd6 27. Bc6 Bd8 28. a4 Bb6+ 29. Kg2 bxa4 30. Bxa4 f5 31. Ne5 Nxe5 32. Bxe5 Nc4 33. Bc3 Kf7 34. Kf3 Ne3 35. Bb3 h5 36. h3 Nd5 37. Bd2 Nf6 38. e3 Ne4 39. Be1 Bc7 40. g4 hxg4+ 41. hxg4 g6 42. g5 Ke7 43. Bc2 Nd6 44. Bc3 Bb6 45. Bf6+ Kf7 46. Bd3 Ne8 47. Be5 Nc7 48. e4 fxe4+ 49. Bxe4 a5 50. bxa5 Bxa5 51. Ke2 Nd5 52. Kd3 Bb6 53. Kc4 Be3 54. Bxd5 exd5+ 55. Kxd5 Bc1 56. Bd6 Bd2 57. Ke4 1/2-1/2

[Event "ASEAN-ch"]
[Site "Quezon City"]
[Date "2023.02.15"]
[Round "6"]
[White "Quizon, Daniel"]
[Black "Nguyen, Van Huy"]
[Result "1-0"]
[WhiteElo "2397"]
[BlackElo "2335"]
[PlyCount "125"]
[EventDate "2023.02.11"]
[EventType "tourn"]
[EventRounds "11"]
[EventCountry "PHI"]
[EventCategory "6"]
[SourceTitle "CBM 212 Extra"]
[Source "ChessBase"]
[SourceDate "2023.03.31"]
[SourceVersion "1"]
[SourceVersionDate "2023.03.31"]
[SourceQuality "1"]

1. e4 c5 2. Nc3 Nc6 3. Nge2 g6 4. d4 cxd4 5. Nxd4 Bg7 6. Be3 Nf6 7. Nxc6 bxc6 8. e5 Ng8 9. Bd4 Qc7 10. f4 Nh6 11. Qd2 Nf5 12. Bf2 h5 13. Bd3 d6 14. exd6 exd6 15. 0-0-0 0-0 16. Bxf5 Bxf5 17. Qxd6 Qa5 18. Bd4 Rfd8 19. Qc5 Qxc5 20. Bxc5 Bxc3 21. bxc3 Be4 22. Rxd8+ Rxd8 23. Re1 f5 24. c4 Kf7 25. h4 a6 26. g3 Re8 27. Rd1 Bf3 28. Rd7+ Kg8 29. Be7 Be2 30. c5 Bb5 31. Kb2 Kf7 32. Bg5+ Kg8 33. Rd6 Kf7 34. Rf6+ Kg7 35. c4 Re2+ 36. Kc3 Ba4 37. a3 a5 38. Rd6 Re3+ 39. Kd4 Rxa3 40. Rd7+ Kf8 41. Ke5 Bc2 42. Ra7 Rxg3 43. Rxa5 Ke8 44. Kd6 Bb3 45. Ra8+ Kf7 46. Ra7+ Ke8 47. Re7+ Kf8 48. Bh6+ Kg8 49. Rg7+ Kh8 50. Kxc6 Bxc4 51. Ra7 Kg8 52. Rg7+ Kh8 53. Kc7 Ra3 54. Rd7 Kg8 55. c6 Be6 56. Re7 Bf7 57. Kd8 Rd3+ 58. Kc8 g5 59. Bxg5 Kf8 60. Re5 Bc4 61. Rxf5+ Ke8 62. Re5+ Kf7 63. f5 1-0